| 000 | 00817cam a2200217 a 4500 | ||
|---|---|---|---|
| 020 | _a0471594628 (alk. paper) | ||
| 040 | _cDLC | ||
| 082 | 0 | 0 | _a546 WIL 1997 A025 Or. |
| 245 | 0 | 0 | _aStable carbocation chemistry / |
| 260 |
_aNew York : _bWiley, _cc1997. |
||
| 300 |
_axvi, 587 p. : _bill. ; _c24 cm. |
||
| 500 | _a"Loker Hydrocarbon Research Institute Symposium on Carbocation Chemistry, held in January 1992 [in Los Angeles]"--Pref. | ||
| 500 | _a"A Wiley-Interscience publication." | ||
| 650 | 0 | _aCarbocations | |
| 700 | 1 | _aPrakash, G. K. Surya. | |
| 700 | 1 | _aSchleyer, Paul von R., | |
| 856 | 4 | 2 | _uhttp://www.loc.gov/catdir/bios/wiley046/95033695.html |
| 856 | 4 | 2 | _uhttp://www.loc.gov/catdir/description/wiley0310/95033695.html |
| 856 | 4 | _uhttp://www.loc.gov/catdir/toc/onix04/95033695.html | |
| 942 | _cEK | ||
| 999 |
_c13488 _d13488 |
||